Analýza prepravných nákladov v nákladnej doprave diplomová práca

Enregistré dans:
Détails bibliographiques
Auteur principal: Bimbová, Iveta
Collectivité auteur: Podnikovohospodárska fakulta EU so sídlom v Košiciach. Katedra finančného riadenia podniku
Autres auteurs: Tkáč, Michal, ml., 1984-
Format: Livre
Langue:slovaque
Publié: Košice 2016
Tags: Ajouter un tag
Pas de tags, Soyez le premier à ajouter un tag!

MARC

LEADER 00000nbm a2200000 4500
001 0217603
005 20170608100059.3
041 0 |a slo 
044 |a SK 
245 1 0 |a Analýza prepravných nákladov v nákladnej doprave  |b diplomová práca  |c Iveta Bimbová ; školiteľ: Michal Tkáč ml. 
264 1 |a Košice  |c 2016 
300 |a 82 s. 
100 1 |a Bimbová, Iveta 
700 1 |a Tkáč, Michal, ml., 1984- 
710 2 |a Podnikovohospodárska fakulta EU so sídlom v Košiciach. Katedra finančného riadenia podniku